ARRUPE JESUIT UNIVERSITY

CORONAVIRUS -STOP THE SPREAD - CLEAN,DISINFECT,COVER

On being and essence (Record no. 36039)

MARC details
000 -LEADER
fixed length control field 00485nam a2200205Ia 4500
003 - CONTROL NUMBER IDENTIFIER
control field 0100
005 - DATE AND TIME OF LATEST TRANSACTION
control field 20171018090536.0
008 - FIXED-LENGTH DATA ELEMENTS--GENERAL INFORMATION
fixed length control field 130303s9999 xx 000 0 und d
040 ## - CATALOGING SOURCE
Transcribing agency ARRUPELIB
050 ## - LIBRARY OF CONGRESS CALL NUMBER
Classification number B765.T531 1949
300 ## - PHYSICAL DESCRIPTION
Other physical details 19cm
100 ## - MAIN ENTRY--PERSONAL NAME
Personal name Aquinas, Thomas St
9 (RLIN) 9346
245 ## - TITLE STATEMENT
Title On being and essence
Statement of responsibility, etc Thomas Aquinas
260 ## - PUBLICATION, DISTRIBUTION, ETC. (IMPRINT)
Place of publication, distribution, etc Toronto
260 ## - PUBLICATION, DISTRIBUTION, ETC. (IMPRINT)
Name of publisher, distributor, etc Pontifical Institute of Medieval studies
300 ## - PHYSICAL DESCRIPTION
Extent 79p.
650 ## - SUBJECT ADDED ENTRY--TOPICAL TERM
Topical term or geographic name as entry element Onthology
9 (RLIN) 37193
650 ## - SUBJECT ADDED ENTRY--TOPICAL TERM
Topical term or geographic name as entry element Substance (Philosophy)
9 (RLIN) 11323
700 ## - ADDED ENTRY--PERSONAL NAME
Personal name Maurer, Armand (Tr.)
9 (RLIN) 37194
942 00 - ADDED ENTRY ELEMENTS (KOHA)
Koha issues (borrowed), all copies 12
Source of classification or shelving scheme Library of Congress Classification
Koha item type Monograph ( Printed materials)
Holdings
Withdrawn status Lost status Source of classification or shelving scheme Damaged status Not for loan Collection code Home library Current library Shelving location Date acquired Total Checkouts Full call number Barcode Date last seen Copy number Price effective from Koha item type Date checked out
    Library of Congress Classification     Main Collection ARRUPE LIBRARY ARRUPE LIBRARY Main Collection 04/03/2013   B765.T531 V3 M3 1949 46003008058 04/03/2013 1 04/03/2013 Monograph ( Printed materials)  
    Library of Congress Classification     Main Collection ARRUPE LIBRARY ARRUPE LIBRARY Main Collection 04/03/2013 1 B765.T531 V3 M3 1949 46003008086 30/09/2013 2 04/03/2013 Monograph ( Printed materials) 17/09/2013
    Library of Congress Classification     Main Collection ARRUPE LIBRARY ARRUPE LIBRARY Main Collection 04/03/2013 9 B765.T531 V3 M3 1968 46003008050 07/09/2017 3 04/03/2013 Monograph ( Printed materials) 25/08/2017
    Library of Congress Classification     Main Collection ARRUPE LIBRARY ARRUPE LIBRARY Main Collection 04/03/2013 1 B765.T531 V3 M3 1949 46003008757 08/12/2014 4 04/03/2013 Monograph ( Printed materials) 24/11/2014
    Library of Congress Classification     Main Collection ARRUPE LIBRARY ARRUPE LIBRARY Main Collection 04/03/2013 4 B765.T531 V3 M3 1968 46003008065 29/04/2019 5 04/03/2013 Monograph ( Printed materials) 02/04/2019
    Library of Congress Classification     Main Collection ARRUPE LIBRARY ARRUPE LIBRARY Main Collection 04/03/2013 2 B765.T531 V3 M3 1968 46003008710 18/09/2017 6 04/03/2013 Monograph ( Printed materials) 25/08/2017
    Library of Congress Classification     Main Collection ARRUPE LIBRARY ARRUPE LIBRARY Main Collection 04/03/2013 2 B765.T531 V3 M3 1949 46003008754 10/10/2013 7 04/03/2013 Monograph ( Printed materials) 01/10/2013

 

Arrupe Library. PO Box MP320 Mt Pleasant, Harare, Zimbabwe
263 242 745411|librarian@aju.ac.zw